000 04333nam a22002417a 4500
003 OSt
005 20250205122719.0
007 ta
008 201020b 2008 dr 00| 0 eng d
020 _a9789945001136
040 _aDO-SdBNP
_bspa
_cBNPHU
082 4 _222
100 1 _aCiprián, Rafael,
_d1959-
_9839
245 1 0 _aManual del recurso de casación :
_bbases constitucionales y legales; jurisprudencia, doctrina y procedimiento /
_cRafael Ciprián ; prólogo de César Pina Toribio.
260 _aSanto Domingo :
_bCentenario,
_c2008.
300 _a223 p. ;
_c24 cm.
500 _aIncluye datos biográficos del autor en la solapa de la cubierta.
504 _a Bibliografía : p. 221-223
505 _a Dedicatoria -- 11
_tAgradecimiento -- 13
_tPrólogo -- 15
_tIntroducción -- 19
_t Generalidades -- 25
_tConcepto del Recurso de Casación -- 31
_t Naturaleza constitucional del Recurso de Casación -- 35
_tPapel de la Corte de Casación -- 41
_tConstitución, ley y casación -- 47
_tLos plazos para interponer el Recurso de Casación -- 53
_tEl plazo del Recurso de Casación en materia laboral -- 54
_tEl plazo del Recurso de Casación en materia civil y comercial -- 55
_tEl plazo del Recurso de Casación en materia penal -- 55
_tEl plazo del Recurso de Casación en materia inmobiliaria -- 56
_t Personas que pueden recurrir en casación -- 57
_tPersonas que pueden recurrir en casación en las recurrir en casación materias civil y comercial -- 68
_tEl Recurso de Casación en interés de la ley -- 59
_tEl Recurso de Casación por exceso de poder -- 60
_t Personas que pueden recurrir en casación en materia penal -- 60
_t Casos en que se puede recurrir en casación en materia penal -- 61
_tPersonas que pueden recurrir en casación en materia inmobiliaria -- 66
_tSentencias recurribles en casación -- 73
_tLos medios de casación -- 79
_tEl medio de casación fundado en la violación a la Constitución y la ley -- 81
_tMedio de casación fundamentado en la violación a las formas prescritas a pena de nulidad -- 85
_tEl medio de casación por exceso de poder o por incompetencia -- 87
_t El medio de casación por contrariedad de sentencias -- 92
_tEl medio de casación por violación al derecho de defensa -- 93
_tEl medio de casación por desnaturalización de los hechos de la causa -- 96
_t El medio de casación por falta de base legal -- 98
_t Formas de interponer el Recurso de Casación -- 101
_tInterposición del Recurso de Casación en materia civil y comercial -- 102
_t- Interposición del Recurso de Casación en materia civil inmobiliaria -- 103
_t Interposición del Recurso de Casación en materia penal de la Jurisdicción Inmobiliaria -- 104
_tInterposición del Recurso de Casación en materia penal -- 106
_t Interposición del Recurso de Casación en materia Contencioso Tributario -- 107
_tInterposición del Recurso De Casación en Materia Laboral o de Trabajo -- 109
_tSíntesis del procedimiento del Recurso de Casación -- 117
_t El procedimiento de casación en materia civil y comercial -- 118
_tMemorial -- 118
_tAuto -- 120
_t La caducidad del Recurso de Casación -- 120
_tMemorial de defensa y constitución de abogado -- 121
_t El defecto de la parte recurrida -- 121
_tEl dictamen del Procurador General de la República -- 123
_tEl recurso de oposición -- 123
_tLa demanda en suspensión de ejecución de la sentencia recurrida en casación -- 124
_tLos incidentes del Recurso de Casación -- 129
_tLa inscripción en falsedad -- 130
_tLa denegación -- 134
_tLa intervención -- 135
_tLa exclusión en el Recurso de Casación -- 141
_tLa perención del Recurso de Casación -- 143
_tFijación y celebración de la audiencia del Recurso de Casación -- 145
_tEstado de fallo del Recurso de Casación y posibles soluciones del asunto -- 147
_t Efectos del Recurso de Casación -- 151
_tAnexos: -- 157
_tModelo de Memorial de Casación -- 158
_tModelo de Memorial de Defensa -- 169
_tModelo de Demanda en Suspensión de Ejecución de Sentencia con motivo del Recurso de Casación -- 185
_tLey de Procedimiento de Casación y sus modificaciones -- 199
_tArtículos 416 al 427 del Código Procesal Penal, que sustituyen el Capítulo III de la Ley Sobre • Procedimiento de Casación -- 216
_t Bibliografía -- 221
590 _aInventariado, 2020 /LP
700 1 _aPina Toribio, César
_eprólogo
_916867
942 _2ddc
_cLBS1
999 _c48931
_d48931